| 000 | 00443nam a22001577a 4500 | ||
|---|---|---|---|
| 008 | 170701s2006 gt||||| |||| 00| 0 spa d | ||
| 082 | 0 | 4 |
_a861 _bL795c |
| 100 | 1 |
_aLoaiza, Cristian. _95847 |
|
| 245 | 1 | 0 |
_a[ ] / _cCristian Loaiza. |
| 250 | _a1a edición. | ||
| 260 |
_aGuatemala : _bEdiciones Bizarras, _c2006. |
||
| 300 |
_a41 páginas : _bilustraciones. |
||
| 653 | 1 | 0 | _aLiteratura |
| 653 | 1 | 0 | _aPoesía - Arte |
| 653 | 1 | 0 | _aPoesía - Guatemala |
| 999 |
_c1214 _d1214 |
||